000 00354nam a2200133Ia 4500
005 20260328104317.0
008 260328s9999||||xx |||||||||||||| ||und||
100 _aKliczkowski, Guillermo Raúl
245 0 _aVivienda Unifaniliares /
_cGuillermo Raúl Kliczkowski
260 _bLibreria Técnica
300 _a180 p.
650 _aVIVIENDA
942 _cBK
999 _c11187
_d11187